Príprava na Euro v mestách, obciach a ich ROPO - ekonomická oblasť a informačné systémy

Rozsah zmien, ktoré majú mestá a obce vykonať pri prechode na euro v oblasti ekonomiky miest a obcí. Hlavné riziká. Úpravy informačných systémov.

Na minha lista:
Detalhes bibliográficos
Autor principal: Mrva, Jaroslav
Formato: Capítulo de Livro
Idioma:eslovaco
Assuntos:
Tags: Adicionar Tag
Sem tags, seja o primeiro a adicionar uma tag!

MARC

LEADER 00000naa$a2200000$$$4500
001 0116251
005 20231127104750.1
041 0 |a slo 
044 |a SK 
245 1 0 |a Príprava na Euro v mestách, obciach a ich ROPO - ekonomická oblasť a informačné systémy  |c Jaroslav Mrva 
520 |a Rozsah zmien, ktoré majú mestá a obce vykonať pri prechode na euro v oblasti ekonomiky miest a obcí. Hlavné riziká. Úpravy informačných systémov. 
610 2 0 |a systémy informačné 
610 2 0 |a konverzia dát 
610 2 0 |a obce 
610 2 0 |a mestá 
610 2 0 |a konvergencia 
610 2 0 |a euro 
100 1 |a Mrva, Jaroslav